<?xml version="1.0" encoding="UTF-8"?>
<record
    xmlns:xsi="http://www.w3.org/2001/XMLSchema-instance"
    xsi:schemaLocation="http://www.loc.gov/MARC21/slim http://www.loc.gov/standards/marcxml/schema/MARC21slim.xsd"
    xmlns="http://www.loc.gov/MARC21/slim">

  <leader>     nam a22     7a 4500</leader>
  <datafield tag="999" ind1=" " ind2=" ">
    <subfield code="c">7238</subfield>
    <subfield code="d">7238</subfield>
  </datafield>
  <controlfield tag="003">OSt</controlfield>
  <controlfield tag="005">20190704161905.0</controlfield>
  <controlfield tag="008">190704e201905 -spc           000 0 cat|d</controlfield>
  <datafield tag="017" ind1=" " ind2=" ">
    <subfield code="a">DL B 11493-2019</subfield>
    <subfield code="b">Biblioteca de Catalunya</subfield>
  </datafield>
  <datafield tag="020" ind1=" " ind2=" ">
    <subfield code="a">9788477275732</subfield>
  </datafield>
  <datafield tag="040" ind1=" " ind2=" ">
    <subfield code="a">ES-BaURL</subfield>
    <subfield code="b">cat</subfield>
    <subfield code="c">CDMR</subfield>
    <subfield code="d">ES-BaBAB</subfield>
  </datafield>
  <datafield tag="100" ind1="1" ind2=" ">
    <subfield code="a">Xammar, Eugeni</subfield>
    <subfield code="d">1888-1973,</subfield>
    <subfield code="9">1340</subfield>
  </datafield>
  <datafield tag="245" ind1="1" ind2="0">
    <subfield code="a">Cartes d'un polemista </subfield>
    <subfield code="b">: (1907-1973)/</subfield>
    <subfield code="c">Eugeni Xammar ; edici&#xF3; i pr&#xF2;leg de Xavier Pla ; ep&#xED;leg d'Amadeu Cuito</subfield>
  </datafield>
  <datafield tag="260" ind1=" " ind2=" ">
    <subfield code="a">Barcelona :</subfield>
    <subfield code="b">Quaderns crema,</subfield>
    <subfield code="c">2019</subfield>
  </datafield>
  <datafield tag="300" ind1=" " ind2=" ">
    <subfield code="a">595 p. ;</subfield>
    <subfield code="c">21 cm</subfield>
  </datafield>
  <datafield tag="500" ind1=" " ind2=" ">
    <subfield code="a">Cont&#xE9; bibliografia i &#xED;ndex</subfield>
  </datafield>
  <datafield tag="600" ind1="1" ind2="0">
    <subfield code="a">Xammar, Eugeni</subfield>
    <subfield code="d">1888-1973,</subfield>
    <subfield code="x">Epistolaris</subfield>
    <subfield code="2">lemac</subfield>
    <subfield code="9">1340</subfield>
  </datafield>
  <datafield tag="700" ind1="1" ind2=" ">
    <subfield code="a">Pla, Xavier</subfield>
    <subfield code="d">1966-,</subfield>
    <subfield code="9">3655</subfield>
  </datafield>
  <datafield tag="700" ind1="1" ind2=" ">
    <subfield code="a">Cuito, Amadeu,</subfield>
    <subfield code="d">1936-</subfield>
  </datafield>
  <datafield tag="942" ind1=" " ind2=" ">
    <subfield code="c">MON</subfield>
  </datafield>
  <datafield tag="952" ind1=" " ind2=" ">
    <subfield code="0">0</subfield>
    <subfield code="1">0</subfield>
    <subfield code="4">0</subfield>
    <subfield code="7">0</subfield>
    <subfield code="a">CDMR</subfield>
    <subfield code="b">CDMR</subfield>
    <subfield code="d">2019-07-04</subfield>
    <subfield code="e">Intercanvi</subfield>
    <subfield code="g">26.00</subfield>
    <subfield code="l">7</subfield>
    <subfield code="m">6</subfield>
    <subfield code="o">Du 6/106</subfield>
    <subfield code="p">CDMR19071265</subfield>
    <subfield code="r">2023-12-04</subfield>
    <subfield code="s">2023-11-16</subfield>
    <subfield code="v">26.00</subfield>
    <subfield code="w">2019-07-04</subfield>
    <subfield code="y">MON</subfield>
  </datafield>
</record>
